A commentary on the sonnets of G.M. Hopkins / (Record no. 120877)
[ view plain ]
| 000 -LEADER | |
|---|---|
| fixed length control field | 01193pam a2200289 a 4500 |
| 001 - CONTROL NUMBER | |
| control field | 691883 |
| 003 - CONTROL NUMBER IDENTIFIER | |
| control field | ARRUPE |
| 005 - DATE AND TIME OF LATEST TRANSACTION | |
| control field | 20140918172317.0 |
| 008 - FIXED-LENGTH DATA ELEMENTS--GENERAL INFORMATION | |
| fixed length control field | 961205r19971969ilu b 000 0 eng |
| 010 ## - LIBRARY OF CONGRESS CONTROL NUMBER | |
| LC control number | 96038108 |
| 020 ## - INTERNATIONAL STANDARD BOOK NUMBER | |
| International Standard Book Number | 082940936X |
| 040 ## - CATALOGING SOURCE | |
| Original cataloging agency | DLC |
| Transcribing agency | DLC |
| Modifying agency | DLC |
| 050 00 - LIBRARY OF CONGRESS CALL NUMBER | |
| Classification number | PR4803.H44 |
| Item number | Z718 1997 |
| 300 ## - PHYSICAL DESCRIPTION | |
| Dimensions | 22 cm. |
| 100 1# - MAIN ENTRY--PERSONAL NAME | |
| Personal name | Milward, Peter. |
| 9 (RLIN) | 8999 |
| 245 12 - TITLE STATEMENT | |
| Title | A commentary on the sonnets of G.M. Hopkins / |
| Statement of responsibility, etc | Peter Milward ; biographical introduction by Joseph J. Feeney. |
| 260 ## - PUBLICATION, DISTRIBUTION, ETC. (IMPRINT) | |
| Place of publication, distribution, etc | Chicago, Ill. : |
| Name of publisher, distributor, etc | Loyola Press, |
| Date of publication, distribution, etc | [1997] |
| 300 ## - PHYSICAL DESCRIPTION | |
| Extent | xviii, 200 p. ; |
| 500 ## - GENERAL NOTE | |
| General note | Originally published: Tokyo : Hokuseido Press, c1969. |
| 504 ## - BIBLIOGRAPHY, ETC. NOTE | |
| Bibliography, etc | Includes bibliographical references. |
| 600 10 - SUBJECT ADDED ENTRY--PERSONAL NAME | |
| Personal name | Hopkins, Gerard Manley, |
| Dates associated with a name | 1844-1889 |
| General subdivision | Criticism and interpretation. |
| 9 (RLIN) | 9000 |
| 650 #0 - SUBJECT ADDED ENTRY--TOPICAL TERM | |
| Topical term or geographic name as entry element | Christian poetry, English |
| Chronological subdivision | 19th century |
| General subdivision | History and criticism. |
| 9 (RLIN) | 11399 |
| 650 #0 - SUBJECT ADDED ENTRY--TOPICAL TERM | |
| Topical term or geographic name as entry element | Catholics |
| Geographic subdivision | England |
| General subdivision | Intellectual life. |
| 9 (RLIN) | 11400 |
| 650 #0 - SUBJECT ADDED ENTRY--TOPICAL TERM | |
| Topical term or geographic name as entry element | Sonnets, English |
| General subdivision | History and criticism. |
| 9 (RLIN) | 11401 |
| 906 ## - LOCAL DATA ELEMENT F, LDF (RLIN) | |
| a | 7 |
| b | cbc |
| c | orignew |
| d | 1 |
| e | ocip |
| f | 19 |
| g | y-gencatlg |
| 942 ## - ADDED ENTRY ELEMENTS (KOHA) | |
| Source of classification or shelving scheme | Library of Congress Classification |
| Koha item type | Monograph ( Printed materials) |
| Withdrawn status | Lost status | Source of classification or shelving scheme | Damaged status | Not for loan | Home library | Current library | Shelving location | Date acquired | Total Checkouts | Full call number | Barcode | Date last seen | Price effective from | Koha item type |
|---|---|---|---|---|---|---|---|---|---|---|---|---|---|---|
| Library of Congress Classification | ARRUPE LIBRARY | ARRUPE LIBRARY | Main Collection | 18/09/2014 | PR4803.H44 Z718 1997 | 46500000417 | 18/09/2014 | 18/09/2014 | Monograph ( Printed materials) |